000 00605 a2200217 4500
005 20251226152225.0
008 251226b |||||||| |||| 00| 0 eng d
020 _a9789390709762
_cRs. 325.00
040 _aMAIN
082 _a616.01
_bV59C
100 _4Verma, Niket
245 _aCompetency based logbook in microbiology for second professional MBBS
250 _a5th
260 _bCBS Publishers and Distributors
_c2025
_aNew Delhi
300 _ax, 94
650 _aMicrobiology
650 _aClinical Microbiology
700 _aAgrawal, Poonam
700 _aMaheshwari, Megha
942 _cBK
999 _c393631
_d393631